Football Teams Iván Zamorano Played For - Statistics

General Stats
  • This quiz has been taken 17 times
  • The average score is 3 of 8
Answer Stats
League Years Team % Correct
Italy 1996-2001 Inter
91%
Spain 1992-1996 Real Madrid
82%
Chile 2003 CSD Colo Colo
55%
Mexico 2001-2003 CF América
36%
Spain 1990-1992 Sevilla FC
27%
Chile 1986-1988 CD Cobresal
18%
Chile 1986 CD Trasandino
9%
Switzerland 1988-1990 FC St. Gallen 1879
9%
No matching quizzes found
Score Distribution
Percent of People with Each Score
Percentile by Number Answered
Your Score History
You have not taken this quiz